|
|
|
|
| LEADER |
00607cam a2200181 7i4500 |
| 001 |
0000031689 |
| 005 |
20150928090000.0 |
| 020 |
0 |
0 |
|a 9781588269287
|
| 090 |
0 |
0 |
|a QATR 953.63
|b GRA
|
| 100 |
1 |
0 |
|a Gray, Matthew
|
| 245 |
1 |
0 |
|a Qatar :
|b politics and the challenges of development.
|
| 260 |
0 |
0 |
|a Boulder, Colorado:
|b Lynne Rienner Publishers,
|c 2013.
|
| 300 |
# |
# |
|a 271 pages.
|
| 651 |
0 |
0 |
|a Qatar --
|x Economic conditions
|
| 651 |
0 |
0 |
|a Qatar --
|x Politics and government
|
| 651 |
# |
# |
|a Qatar --
|x Strategic aspects
|
| 651 |
0 |
0 |
|a Qatar --
|x Foreign relations
|
| 999 |
|
|
|a B000035116
|b Book
|c Countries
|e Business Information Centre
|